| 000 | 00571cam a2200205ua 4500 | ||
|---|---|---|---|
| 020 | _c11.70 | ||
| 041 |
_aeng _h |
||
| 082 |
_a539 _bRIC/MO |
||
| 100 | _aRichards, James A . | ||
| 245 |
_aModern university physics: Mechanics and thermodynamics / _cJames A Richards. _hTextual Documents |
||
| 260 |
_aLondon : _bAddison-Wesley Publishing Company , _c1960. |
||
| 300 | _a400 ; . | ||
| 365 | _a11.70 | ||
| 504 | _a | ||
| 700 | 1 | _aSears, Francis Weston . | |
| 700 | 1 | _aWehr, Russel M. | |
| 700 | 1 | _aZemansky, Mark W . | |
| 942 | _cBK | ||
| 999 |
_c7445 _d7445 |
||